000 00431nam a2200205Ia 4500
001 11746
003 GE_BSU
008 181216s||||||||xx |||||||||||||| ||und||
020 _a9781847562609
040 _cGE_BSU
080 _a821.111-32
100 _aGibson,Fiona
245 4 _aThe Great Escape
260 _aLondon
260 _bAvon
260 _c2012
300 _a389p.20cm.
653 _aThe Great Escape
942 _cBK
999 _c44925
_d44925